01521nam a2200373 a 4500001001000000003000900010005001700019007001000036008004100046020001500087040002200102041001300124092001900137245018700156246009000343260008200433300001700515500003100532504003000563546003200593650003600625650002500661700003800686910003700724942001200761945004000773952012200813956003900935956003900974956004001013956003901053956004001092999001501132000007386DO-SdBNP20180316145757.0000007386090908s1997 dr 001 0 spa d a9768156481 aBPMSUbspacBPMSU17aspabeng aRD860.9bT332d00aTertuliando :bdominicanas y amiga [o]s = Hanging out : dominican women and friends ; bilingual text [o]s bilingues 1994-1996 /ccompilación y prólogo de Daisy Cocco De Filippis.13aHanging out :bdominican women and friends ; bilingual text [o]s bilingues 1994-1996  aSanto Domingo :bComisión Permanente de la Feria Nacional del Libro,c1997. av. ;c21 cm. aLa biblioteca posee el v.1 aBibliografía : p. 61-63 aTexto en ingles y español 4aLITERATURA DOMINICANAySIGLO XX 4aMUJERES COMO AUTORAS12aCocco de Filippis, Daysiepról. aValidado. Control de calidad MFF 2ddccBK aRemanejado para la BNPHU, 2018 / BT 00102ddc4070aBPMETbBPMETd2015-04-28l0oRD860.9 T332d v.1pBPMSU15041427r2015-04-28w2015-04-28yBK aIGARCIAb10c20090908lBND01h1335 aDGARCIAb10c20091125lBND01h0810 aYPOLANCOb04c20110504lBND01h0933 aMMOLINAb10c20131125lBND01h0846 aVMATEOb10c20150428lBMET02h00151 c7732d7732